Smart & adaptive optics : (Record no. 131358)
[ view plain ]
| 000 -LEADER | |
|---|---|
| fixed length control field | 01811nam a2200397 i 4500 |
| 001 - CONTROL NUMBER | |
| control field | ebr10777657 |
| 003 - CONTROL NUMBER IDENTIFIER | |
| control field | CaPaEBR |
| 006 - FIXED-LENGTH DATA ELEMENTS--ADDITIONAL MATERIAL CHARACTERISTICS--GENERAL INFORMATION | |
| fixed length control field | m o d |
| 007 - PHYSICAL DESCRIPTION FIXED FIELD--GENERAL INFORMATION | |
| fixed length control field | cr cn||||||||| |
| 008 - FIXED-LENGTH DATA ELEMENTS--GENERAL INFORMATION | |
| fixed length control field | 131021t20132013sz o 000 0 eng d |
| 020 ## - INTERNATIONAL STANDARD BOOK NUMBER | |
| International Standard Book Number | 9783908158905 (e-book) |
| Cancelled/invalid ISBN | 9783908158684 |
| 040 ## - CATALOGING SOURCE | |
| Original cataloging agency | CaPaEBR |
| Language of cataloging | eng |
| Description conventions | rda |
| -- | pn |
| Transcribing agency | CaPaEBR |
| 035 ## - SYSTEM CONTROL NUMBER | |
| System control number | (OCoLC)868960587 |
| 050 14 - LIBRARY OF CONGRESS CALL NUMBER | |
| Classification number | TA418.9.S62 |
| Item number | I58 2012eb |
| 111 2# - MAIN ENTRY--MEETING NAME | |
| Meeting name or jurisdiction name as entry element | International Conference on "Smart Materials, Structures, and Systems" |
| Number of part/section/meeting | (4th : |
| Date of meeting | 2012 : |
| Location of meeting | Terme, Italy) |
| 245 10 - TITLE STATEMENT | |
| Title | Smart & adaptive optics : |
| Remainder of title | selected, peer reviewed papers from CIMTEC 2012 - 4th International Conference on Smart Materials, Structures and Systems, June 10-14, 2012, Terme, Italy / |
| Statement of responsibility, etc | edited by Pietro Vincenzini, Maurizio Ferrari, Giancarlo Righini. |
| 246 30 - VARYING FORM OF TITLE | |
| Title proper/short title | Smart and adaptive optics |
| 264 #1 - PRODUCTION, PUBLICATION, DISTRIBUTION, MANUFACTURE, AND COPYRIGHT NOTICE | |
| Place of production, publication, distribution, manufacture | Durnten-Zurich ; |
| -- | Enfield, New Hampshire : |
| Name of producer, publisher, distributor, manufacturer | Trans Tech, |
| Date of production, publication, distribution, manufacture, or copyright notice | [2013] |
| Date of production, publication, distribution, manufacture, or copyright notice | �2013 |
| 300 ## - PHYSICAL DESCRIPTION | |
| Extent | 1 online resource (102 pages). |
| 336 ## - CONTENT TYPE | |
| Content type term | text |
| Source | rdacontent |
| 337 ## - MEDIA TYPE | |
| Media type term | computer |
| Source | rdamedia |
| 338 ## - CARRIER TYPE | |
| Carrier type term | online resource |
| Source | rdacarrier |
| 440 #0 - SERIES STATEMENT/ADDED ENTRY--TITLE | |
| Title | Advances in science and technology ; |
| Volume number/sequential designation | v. 82 |
| 588 ## - SOURCE OF DESCRIPTION NOTE | |
| Source of description note | Description based on online resource; title from PDF title page (ebrary, viewed October 31, 2013). |
| 590 ## - LOCAL NOTE (RLIN) | |
| Local note | Electronic reproduction. Palo Alto, Calif. : ebrary, 2013. Available via World Wide Web. Access may be limited to ebrary affiliated libraries. |
| 650 #0 - SUBJECT ADDED ENTRY--TOPICAL TERM | |
| Topical term or geographic name as entry element | Optics, Adaptive. |
| Topical term or geographic name as entry element | Smart materials |
| Form subdivision | Congresses. |
| 655 #0 - INDEX TERM--GENRE/FORM | |
| Genre/form data or focus term | Electronic books. |
| 700 1# - ADDED ENTRY--PERSONAL NAME | |
| Personal name | Vincenzini, P., |
| Dates associated with a name | 1939- |
| Personal name | Ferrari, Maurizio. |
| Personal name | Righini, Giancarlo C. |
| 797 2# - LOCAL ADDED ENTRY--CORPORATE NAME (RLIN) | |
| Corporate name or jurisdiction name as entry element | ebrary. |
| 856 40 - ELECTRONIC LOCATION AND ACCESS | |
| Uniform Resource Identifier | <a href="http://site.ebrary.com/lib/rucke/Doc?id=10777657">http://site.ebrary.com/lib/rucke/Doc?id=10777657</a> |
| Public note | An electronic book accessible through the World Wide Web; click to view |
No items available.
